Sports Quiz

Random Sports or Baseball Quiz

MLB Red Sox 2004 Roster Quiz Stats

 Plays Quiz Updated Apr 5, 2018

Support Sporcle.
Go Orange.
Score 0/25 Timer 06:00
3 Plays Today
Position Player % Correct
DHDavid Ortiz
96.2%
CJason Varitek
90.5%
LFManny Ramirez
88.8%
CFJohnny Damon
77.4%
SPCurt Schilling
75.8%
SPPedro Martinez
75.1%
SPDerek Lowe
70.2%
SPTim Wakefield
63.3%
RFTrot Nixon
59.1%
BenchKevin Millar
56.6%
3BBill Mueller
55.5%
SSOrlando Cabrera
55.2%
BenchKevin Youkilis
50.8%
Position Player % Correct
RPKeith Foulke
50.8%
2BMark Bellhorn
44.5%
BenchDavid Roberts
42.2%
RPMike Timlin
37.3%
BenchPokey Reese
32.1%
1BDoug Mientkiewicz
31.8%
RPBronson Arroyo
30.2%
BenchDoug Mirabelli
28.6%
RPAlan Embree
28%
BenchGabe Kapler
19.8%
RPMike Myers
15.3%
RPCurtis Leskanic
14.7%

From the Vault

Movie Title Overlaps III

by Ben

Movies 3m
Combining these movies would create a movie about Chris Pratt and Brad Pitt teaming up to fight dinosaur zombies.
Remove Ads.
Support Sporcle.
Get the best of Sporcle when you Go Orange. This ad-free experience offers more features, more stats, and more fun while also helping to support Sporcle. Thank you for becoming a member.

Show Comments

Extras

Top Quizzes Today


Score Distribution

Your Account Isn't Verified!

In order to create a playlist on Sporcle, you need to verify the email address you used during registration. Go to your Sporcle Settings to finish the process.

Report this User

Report this user for behavior that violates our Community Guidelines.

Details: